| Поле | Инд. | ПП | Название | Значение |
|---|---|---|---|---|
| Тип записи | a | |||
| Библиографический уровень | m | |||
| 001 | Контрольный номер | 954c5d766d244fd997925f3b12367e6b | ||
| 005 | Дата корректировки | 20260603114657.9 | ||
| 040 | a | Служба первич. каталог. | 10013504 | |
| b | Код языка каталог. | rus | ||
| e | Правила каталог. | PSBO | ||
| 041 | 0_ | a | Код языка текста | rus |
| 090 | a | Полочн. индекс | Дис. | |
| x | Авторский знак | Ш 65 | ||
| r | Идентификатор организации | 10013504 | ||
| 100 | 1_ | a | Автор | Шишмарев В.Ю. |
| q | Полное имя | Шишмарев Владимир Юрьевич | ||
| 245 | 10 | a | Заглавие | Исследование точности и некоторые вопросы надежности датчиков угловых скоростей |
| b | Продолж. заглавия | диссертация ... кандидата технических наук | ||
| c | Ответственность | науч. рук. Н.И. Поляков, З.Ф. Уразаев ; МАТИ | ||
| 260 | a | Место издания | Москва | |
| c | Дата издания | 1964 | ||
| 300 | a | Объем | 265 с. | |
| b | Иллюстрации/ тип воспроизводства | ил. | ||
| 504 | a | Библиография | Библиогр.: с. 262-265 (45 назв.) | |
| 653 | 0_ | a | Ключевые слова | ДИССЕРТАЦИИ; АВТОР МАТИ; ТОЧНОСТЬ; НАДЕЖНОСТЬ; ДАТЧИКИ УГЛОВОЙ СКОРОСТИ |
| 700 | 12 | a | Другие авторы | Поляков Н.И. |
| q | Полное имя | Поляков Николай Иванович | ||
| e | Роль лиц | Научный руководитель | ||
| 700 | 12 | a | Другие авторы | Уразаев З.Ф. |
| q | Полное имя | Уразаев Закир Фатыхович | ||
| e | Роль лиц | Научный руководитель | ||
| 700 | 12 | a | Другие авторы | Шишмарёв В.Ю. |
| q | Полное имя | Шишмарёв Владимир Юрьевич | ||
| e | Роль лиц | Автор | ||
| 901 | t | Тип документа | d | |
| 952 | a | Тип литературы для КСУ ВШ | КДНР | |
| c | Вид литературы | диссертация |